000 01556cam a2200361 a 4500
001 EDZ0000072088
003 StDuBDS
005 20161031105206.0
006 m||||||||d||||||||
007 cr |||||||||||
008 120412s2006 enka fo| 001|0|eng d
020 _a9781446212783 (ebook) :
_cNo price
040 _aStDuBDS
_beng
_cStDuBDS
_epn
049 _aAlfaisal Main Library
050 4 _aLB1033.5
082 0 4 _a370.14
_223
100 1 _aSage, Rosemary
_q(Rosemary Joy Wysall Beaton)
245 1 0 _aSupporting language and communication
_h[electronic resource] :
_ba guide for school support staff /
_cRosemary Sage.
260 _aLondon :
_bPaul Chapman,
_c2006.
300 _a1 online resource (x, 120 p.) :
_bill.
490 1 _aSupporting learning professionally
504 _aIncludes bibliographical references and index.
520 8 _aThis book considers how a positive learning environment can nurture good communication skills. It helps teaching assistants to aquire skills and strategies that they can call on to provide optimum support when working with children in a variety of situations.
521 _aSpecialized.
588 _aDescription based on print version record.
650 0 _aCommunication in education.
655 7 _aElectronic books.
_2local
710 2 _aSage eBooks
776 0 8 _iPrint version :
_z9781412912808
830 0 _aSupporting learning professionally.
856 4 0 _uhttp://ezproxy.alfaisal.edu/login?url=http://sk.sagepub.com/books/supporting-language-and-communication
942 _2lcc
_cEBOOKS
999 _c481368
_d481368